| Поле | Название | Значение |
| |
Тип записи |
i |
| |
Библиографический уровень |
m |
| 001 |
Контрольный номер |
RU/IS/BASE/357833516 |
| 005 |
Дата корректировки |
20260514150826.1 |
| 010 |
Индекс ISBN |
__ |
| d |
Цена |
292-84 |
| 101 |
Язык документа |
0_ |
| a |
Язык текста |
rus |
| c |
Язык оригинала |
fre |
| 200 |
Заглавие и сведения об ответственности |
1_ |
| a |
Заглавие |
Двадцать тысяч лье под водой |
| e |
Сведения, относящиеся к заглавию |
[аудиокнига : роман] |
| f |
Первые сведения об ответственности |
Жюль Верн ; читает Сергей Кирсанов ; [пер. с фр. И. Петрова ; звукорежиссер Михаил Ашарин ; оператор звукозаписи Елена Ланцова] |
| b |
Общее обозначение материала |
Звукозапись |
| h |
Номер части |
CD 1-2 |
| 210 |
Выходные данные |
1_ |
| a |
Место издания |
М. |
| c |
Издательство |
АРДИС |
| d |
Дата издания |
2008 |
| 215 |
Физическое описание |
__ |
| a |
Объем |
2 электрон. опт. диска (Audio CD) (16 ч. 06 мин.) |
| 225 |
Серия |
2_ |
| a |
Серия |
Фантастика и приключения |
| 300 |
Общие примечания |
__ |
| a |
Общие примечания |
mp3 ; 128 Kbps ; 16 bit ; 44.1 ; stereo. - Текст прочитан по изд.: Верн, Ж. Двадцать тысяч лье под водой / Верн Ж. - М. : Мол. гвардия, 1955. - BONUS! для мобильных |
| 323 |
Примечание о главных создателях, исполнителях, участниках |
__ |
| a |
Примечание о главных создателях, исполнителях, участниках |
Кирсанов, С. (читает) |
| 330 |
Аннотация |
__ |
| a |
Аннотация |
Один из самых известных романов популярного французского писателя Жюля Верна - рассказывает о невероятном кругосветном путешествии в морских глубинах на фантастической подводной лодке "Наутилус". Захватывающий сюжет, атмосфера таинственности, неожиданные и опасные приключения соседствуют с реалистически точными научными описаниями неведомого мира южных и северных морей. Кто же он, загадочный капитан Немо, добровольно заточивший себя в океанских недрах? |
| 333 |
Примечание о целевом назначении |
__ |
| a |
Примечание о целевом назначении |
12+. Для детей старше 12 лет |
| 606 |
Тематические рубрики |
__ |
| a |
Основная рубрика |
Художественная литература |
| 606 |
Тематические рубрики |
__ |
| a |
Основная рубрика |
Литература Европы (произведения) |
| 610 |
Ключевые слова |
0_ |
| a |
Ключевые слова |
зарубежная литература; французская литература; тема путешествий; иностранная литература; романы; классическая литература; тема приключений; приключенческие романы; тема дружбы; тема моря; тема тайн; Наутилус; Капитан Немо |
| 686 |
Индексы других классификаций |
__ |
| a |
Классификационный индекс |
84(4Фра)-4я04 |
| 700 |
Автор |
_1 |
| a |
Фамилия |
Верн |
| b |
Имя |
Ж. |
| f |
Даты |
1828-1905 |
| g |
Полное личное имя |
Жюль |
| 4 |
Код отношения |
070 |
| 702 |
Вторичная интеллектуальная ответственность |
_1 |
| a |
Фамилия |
Ашарин |
| b |
Имя |
М. |
| 4 |
Код отношения |
Звукорежиссер |
| 4 |
Код отношения |
570 |
| 702 |
Вторичная интеллектуальная ответственность |
_1 |
| a |
Фамилия |
Петров |
| b |
Имя |
И. |
| 4 |
Код отношения |
Переводчик |
| 4 |
Код отношения |
730 |
| g |
Полное личное имя |
Игнатий |
| 702 |
Вторичная интеллектуальная ответственность |
_1 |
| a |
Фамилия |
Ланцова |
| b |
Имя |
Е. |
| 4 |
Код отношения |
Оператор звукозаписи |
| 4 |
Код отношения |
570 |
| 801 |
Источник записи |
_0 |
| a |
Страна |
RU |
| b |
Организация |
Муниципальное бюджетное учреждение культуры "Централизованная библиотечная система" г. Сургут (Центральная городская библиотека им. А. С. Пушкина) |
| g |
Правила каталогизации |
КиК/Поспелова |
| 801 |
Источник записи |
_1 |
| a |
Страна |
RU |
| b |
Организация |
Муниципальное бюджетное учреждение культуры "Централизованная библиотечная система" г. Сургут (Центральная городская библиотека им. А. С. Пушкина) |
| g |
Правила каталогизации |
КиК/Поспелова |
| 852 |
Данные о местонахождении |
__ |
| j |
Шифр хранения |
84(4Фра)-4я04 |
| i |
Авторский знак |
В 35 |
| 901 |
Тип документа |
__ |
| t |
Тип документа |
0 |
| 903 |
Характеристики (МАРС) |
__ |
| a |
Дата передачи |
20110504 |
| 969 |
Тип издания |
__ |
| a |
Тип издания |
аудиокнига |
| 990 |
Данные о заказе (DOS) |
__ |
| j |
Количество экземпляров (DOS) |
1 |
| h |
N записи в КСУ для Б/У (DOS) |
201106 |